000
00247nam a2200097Ia 4500
001
691661
005
20250826161840.0
008
250824s9999 xx 000 0 und d
245
0
_a
Binboğalar Efsanesi
_c
YAŞAR KEMAL
260
_b
YAPI KREDİ YAYINLARI
999
_c
691661
_d
691661